000
00325nam a22001337a 4500
008
170622b xxu||||| |||| 00| 0 eng d
020
_a
9781860643576
041
_a
eng
080
_a
32
100
_a
20
101
_a
SHP
245
_a
THE JEWS OF EUROPE AND THE INQUISTION OF VENIE, 1550-1670
_c
PULLAN,B
942
_2
udc
_c
BK
999
_c
18582
_d
18582